| 000 | 00759cam a22002414a 4500 | ||
|---|---|---|---|
| 001 | 13518462 | ||
| 005 | 20180207045016.0 | ||
| 008 | 040311s2004 njua 001 0 eng | ||
| 010 | _a 2004005764 | ||
| 020 | _a0471269115 (cloth : alk. paper) | ||
| 040 |
_aDLC _cDLC _dDLC |
||
| 041 | _aeng | ||
| 042 | _apcc | ||
| 080 | _a613 MIC | ||
| 082 | 0 | 0 |
_a613 MIC _222 |
| 100 | _a3 | ||
| 101 | _aSHM | ||
| 245 | 0 | 0 |
_aAmerican Medical Association family medical guide / _cAmerican Medical Association. |
| 246 | 3 | 0 | _aFamily medical guide |
| 906 |
_a7 _bcbc _corignew _d1 _eecip _f20 _gy-gencatlg |
||
| 942 |
_2ddc _cBK |
||
| 999 |
_c41990 _d41990 |
||